000 01197nam0a2200349 4500
001 RU\NLR\BIBL_A\011524268
005 20200113152905.0
010 _a978-5-91759-594-8
_94000
021 _aRU
_bКН-П-19-093677
_9КН-П-19-6864
035 _a(NLR Aleph) 011524268
035 _a(RuMoRGB)010187275
035 _a(RuMoRGB)008892620
090 _a12111774
_c12111774
100 _a20171113d2017 u y0rusy50 ca
101 1 _arus
_cfre
102 _aRU
105 _aa|||z|||000fy
200 1 _aМоя младшая сестра
_fАстрид Деборд, Полин Мартен
_gперевод с французского Ирины Балахоновой
210 _aМосква
_cСамокат
_d2017
215 _a[33] с.
_cцв. ил.
_d23
333 _a0+
686 _aШ9(2)70(4Фр)
_2rubbk
686 0 _aШ9(4Фр)60-4
700 1 _aДеборд
_bА.
_gАстрид
_3RU\NLR\AUTH\770159006
701 1 _aМартен
_bП.
_gПолин
942 _cBOOK
980 _aNBR
980 _aNB